|
|
|
|
| LEADER |
01236nam a2200313 a 4500 |
| 001 |
35311 |
| 003 |
BD-DhAAL |
| 005 |
20190908122159.0 |
| 008 |
190908r19961994nyua b 001 0 eng |
| 999 |
|
|
|c 41150
|d 41150
|
| 010 |
|
|
|a 93001712
|
| 020 |
|
|
|a 0415102553
|
| 040 |
|
|
|a DLC
|c DLC
|d DLC
|d BD-DhAAL
|
| 050 |
0 |
0 |
|a PB35
|b .T433 1994
|
| 082 |
0 |
0 |
|a 418.007
|2 20
|
| 245 |
0 |
0 |
|a Teaching modern languages /
|c edited by Ann Swarbrick.
|
| 260 |
|
|
|a London ;
|a New York :
|b Routledge,
|c 1994 [reprint 1996]
|
| 300 |
|
|
|a vi, 185 pages :
|b illustrations ;
|c 23 cm.
|
| 500 |
|
|
|a "The Open University postgraduate certificate of education"--P. [ii]
|
| 504 |
|
|
|a Includes bibliographical references and index.
|
| 526 |
|
|
|a BIED
|
| 541 |
|
|
|a Complimentary copy from BIED
|e 35311
|
| 650 |
|
0 |
|a Languages, Modern
|x Study and teaching.
|9 34191
|
| 650 |
|
0 |
|a Language Learning
|9 34194
|
| 700 |
1 |
|
|a Swarbrick, Ann.
|9 34192
|
| 710 |
2 |
|
|a Open University.
|9 34193
|
| 852 |
|
|
|a Ayesha Abed Library
|c General Stacks
|
| 942 |
|
|
|2 ddc
|c BK
|
| 952 |
|
|
|0 0
|1 0
|2 ddc
|4 0
|6 418_007000000000000_TEA
|7 0
|9 66180
|a BRACUL
|b BRACUL
|c GEN
|d 2019-09-08
|e Complimentary copy from BIED
|l 0
|o 418.007 TEA
|p 3010035311
|r 2019-09-08
|t 1
|w 2019-09-08
|y BK
|x Transferred from BIED to General Stacks
|